| 000 | 00653nam a2200229 4500 | ||
|---|---|---|---|
| 001 | 37570 | ||
| 003 | BD-RjUL | ||
| 005 | 20211209052625.0 | ||
| 008 | 150126s2004 ii ||||| |||| 00| 0 eng d | ||
| 020 | _a8185733686 | ||
| 035 | _a(BD-RjUL)37674 | ||
| 040 |
_aBD-RjUL _beng _cBD-RjUL _dBD-RjUL |
||
| 041 | _aeng | ||
| 082 |
_221 _a660.603 _bSMD 2004 |
||
| 100 |
_aSmith, William _9115385 |
||
| 245 |
_aDictionary of biotechnology / _cWilliam Smith |
||
| 260 |
_aChandigarh, India : _bAbhishek Publications, _c2004. |
||
| 300 |
_a319 p. ; _c23 cm. |
||
| 650 |
_aBiotechnology _xDictionaries. _9115236 |
||
| 650 | _2Biotechnology | ||
| 942 |
_2ddc _cBK |
||
| 999 |
_c37570 _d37570 |
||